<?xml version="1.0" encoding="UTF-8"?>
<record
    xmlns:xsi="http://www.w3.org/2001/XMLSchema-instance"
    xsi:schemaLocation="http://www.loc.gov/MARC21/slim http://www.loc.gov/standards/marcxml/schema/MARC21slim.xsd"
    xmlns="http://www.loc.gov/MARC21/slim">

  <leader>00803nam a22002057a 4500</leader>
  <controlfield tag="005">20230703151517.0</controlfield>
  <controlfield tag="008">230703b           ||||| |||| 00| 0 eng d</controlfield>
  <datafield tag="040" ind1=" " ind2=" ">
    <subfield code="c">AL</subfield>
  </datafield>
  <datafield tag="041" ind1=" " ind2=" ">
    <subfield code="a">mal</subfield>
  </datafield>
  <datafield tag="082" ind1=" " ind2=" ">
    <subfield code="2">23</subfield>
    <subfield code="a">920M</subfield>
    <subfield code="b">KUNN</subfield>
  </datafield>
  <datafield tag="100" ind1=" " ind2=" ">
    <subfield code="a">Payyannur Kunjhiraman: &#xD2A;&#xD2F;&#xD4D;&#xD2F;&#xD28;&#xD4D;&#xD28;&#xD42;&#xD7C; &#xD15;&#xD41;&#xD1E;&#xD39;&#xD3F;&#xD30;&#xD2E;&#xD3E;&#xD23;&#xD4D; </subfield>
    <subfield code="9">125319</subfield>
  </datafield>
  <datafield tag="245" ind1=" " ind2=" ">
    <subfield code="a">Niranjanayude Jeevitha Katha: </subfield>
    <subfield code="b">&#xD28;&#xD3F;&#xD30;&#xD1E;&#xD4D;&#xD1C;&#xD28;&#xD2F;&#xD41;&#xD1F;&#xD46; &#xD1C;&#xD40;&#xD35;&#xD3F;&#xD24; &#xD15;&#xD25; </subfield>
  </datafield>
  <datafield tag="260" ind1=" " ind2=" ">
    <subfield code="a">Kerala</subfield>
    <subfield code="b">Olive Publications Pvt Ltd</subfield>
    <subfield code="c">2004</subfield>
  </datafield>
  <datafield tag="300" ind1=" " ind2=" ">
    <subfield code="a">82p.</subfield>
    <subfield code="b">PB</subfield>
    <subfield code="c">21x14cm.</subfield>
  </datafield>
  <datafield tag="365" ind1=" " ind2=" ">
    <subfield code="2">Malayalam</subfield>
  </datafield>
  <datafield tag="650" ind1=" " ind2=" ">
    <subfield code="a">Biography: &#xD2C;&#xD3F;&#xD2F;&#xD4B;&#xD17;&#xD4D;&#xD30;&#xD3E;&#xD2B;&#xD4D;&#xD2F;&#xD4D; </subfield>
    <subfield code="9">125320</subfield>
  </datafield>
  <datafield tag="650" ind1=" " ind2=" ">
    <subfield code="a">Malayalam: &#xD2E;&#xD32;&#xD2F;&#xD3E;&#xD33;&#xD02; </subfield>
    <subfield code="9">125321</subfield>
  </datafield>
  <datafield tag="700" ind1=" " ind2=" ">
    <subfield code="a">KUNJHIRAMAN (Payyannur): &#xD15;&#xD41;&#xD1E;&#xD39;&#xD3F;&#xD30;&#xD2E;&#xD3E;&#xD23;&#xD4D; (&#xD2A;&#xD2F;&#xD4D;&#xD2F;&#xD28;&#xD4D;&#xD28;&#xD42;&#xD7C;) </subfield>
    <subfield code="9">125322</subfield>
  </datafield>
  <datafield tag="942" ind1=" " ind2=" ">
    <subfield code="2">ddc</subfield>
    <subfield code="c">DB</subfield>
  </datafield>
  <datafield tag="999" ind1=" " ind2=" ">
    <subfield code="c">227736</subfield>
    <subfield code="d">227736</subfield>
  </datafield>
  <datafield tag="952" ind1=" " ind2=" ">
    <subfield code="0">0</subfield>
    <subfield code="1">0</subfield>
    <subfield code="2">ddc</subfield>
    <subfield code="4">0</subfield>
    <subfield code="7">0</subfield>
    <subfield code="8">OTH</subfield>
    <subfield code="a">AL</subfield>
    <subfield code="b">AL</subfield>
    <subfield code="d">2023-06-14</subfield>
    <subfield code="l">0</subfield>
    <subfield code="o">920M KUNN</subfield>
    <subfield code="p">D05805</subfield>
    <subfield code="r">2023-07-03 00:00:00</subfield>
    <subfield code="w">2023-07-03</subfield>
    <subfield code="y">DB</subfield>
  </datafield>
</record>
